Online
Catalog

Despedida del hombre / (Record no. 25202)

MARC details
000 -CABECERA
campo de control de longitud fija 00400cam a2200157 a 4500
001 - NÚMERO DE CONTROL
campo de control 000025710
005 - FECHA Y HORA DE LA ÚLTIMA TRANSACCIÓN
campo de control 20200930024005.0
008 - DATOS DE LONGITUD FIJA--INFORMACIÓN GENERAL
campo de control de longitud fija 760831s1969 ||| 000 | spa d
082 ## - NÚMERO DE LA CLASIFICACIÓN DECIMAL DEWEY
Número de clasificación xxx
Número de documento/Ítem R621d
049 ## - FONDOS LOCALES (OCLC)
Fondos de biblioteca BNGR
040 ## - FUENTE DE LA CATALOGACIÓN
Centro catalogador/agencia de origen DO-SdBNP
100 1# - ENTRADA PRINCIPAL--NOMBRE DE PERSONA
Nombre de persona Rivera, Pedro,
9 (RLIN) 52476
245 10 - MENCIÓN DE TÍTULO
Título Despedida del hombre /
Mención de responsabilidad, etc. Pedro Rivera.
260 ## - PUBLICACIÓN, DISTRIBUCIÓN, ETC.
Lugar de publicación, distribución, etc. [s. l.] :
Nombre del editor, distribuidor, etc. Pini-Ibe,
Fecha de publicación, distribución, etc. 1969.
300 ## - DESCRIPCIÓN FÍSICA
Extensión 56 p. ;
Dimensiones 23 cm.
Holdings
Estado de retiro Estado de pérdida Restricciones de uso No para préstamo Código de colección Localización permanente Ubicación/localización actual Ubicación en estantería Fecha de adquisición Número de inventario Total de préstamos Signatura topográfica completa Código de barras Fecha visto por última vez Precio válido a partir de Tipo de ítem Koha
      Excluido de préstamo Monografías: Libros y Folletos General General En catalogación 21.02.2011 LF1   xxx R621d 25710-10 25.06.2020 25.06.2020 No se presta

Powered by Koha